<?xml version="1.0" encoding="UTF-8"?>
<collection xmlns="http://www.loc.gov/MARC21/slim">
  <record>
    <leader>00000nam  2200000   4500</leader>
    <controlfield tag="001">INLIS000000000019723</controlfield>
    <controlfield tag="005">20250415044532</controlfield>
    <datafield tag="035" ind1="#" ind2="#">
      <subfield code="a">0010-0425000066</subfield>
    </datafield>
    <controlfield tag="007">ta</controlfield>
    <controlfield tag="008">250415################g##########0#eng##</controlfield>
    <datafield tag="245" ind1="1" ind2="#">
      <subfield code="a">Management-oriented management information systems /</subfield>
      <subfield code="c">Jerome Kanter</subfield>
    </datafield>
    <datafield tag="260" ind1="#" ind2="#">
      <subfield code="a">New Jersey :</subfield>
      <subfield code="b">Prentice-Hall,</subfield>
      <subfield code="c">1972</subfield>
    </datafield>
    <datafield tag="020" ind1="#" ind2="#">
      <subfield code="a">0135487277</subfield>
    </datafield>
    <datafield tag="082" ind1="#" ind2="#">
      <subfield code="a">658.403</subfield>
    </datafield>
    <datafield tag="084" ind1="#" ind2="#">
      <subfield code="a">658.403  KAN m</subfield>
    </datafield>
    <datafield tag="100" ind1=" " ind2="#">
      <subfield code="a">Kanter, Jerome</subfield>
    </datafield>
    <datafield tag="250" ind1="#" ind2="#">
      <subfield code="a">ed.1</subfield>
    </datafield>
    <datafield tag="300" ind1="#" ind2="#">
      <subfield code="a">xvi, 270 hlm. :</subfield>
      <subfield code="b">ilust. ;</subfield>
      <subfield code="c">25 cm.</subfield>
    </datafield>
    <datafield tag="650" ind1="#" ind2="4">
      <subfield code="a">manajemen sistem  informasi</subfield>
    </datafield>
    <datafield tag="856" ind1="#" ind2="#">
      <subfield code="a">Perpustakaan Pusat LAN</subfield>
    </datafield>
    <datafield tag="990" ind1="#" ind2="#">
      <subfield code="a">14224</subfield>
    </datafield>
  </record>
</collection>
